| 000 | 00478cam a2200169ua 4500 | ||
|---|---|---|---|
| 020 | _c1.00 | ||
| 041 |
_amal _h |
||
| 082 |
_a928.94812 _bPAR/BH |
||
| 100 | _aParameswara Kurup, Koyipilli . | ||
| 245 |
_aBhasha sahityathile pazhaya thalamura / _cKoyipilli Parameswara Kurup. _hTextual Documents |
||
| 260 |
_aKottayam : _bSahitya Pravarthaka Co-operative Society , _c1956. |
||
| 300 | _a172 ; . | ||
| 365 | _a1.00 | ||
| 504 | _a | ||
| 942 | _cBK | ||
| 999 |
_c4529 _d4529 |
||